Géographie - Lettre D - Statistiques

Statistiques générales
  • Ce quiz a été pris 365 fois
    274 depuis la dernière actualisation
  • Le résultat moyen est 7 sur 13
Statistiques - réponses
Élément de réponse Réponse % Correct
Station de métro parisienne Toutes les stations qui commencent par un D
91%
Fleuve européen qui prend sa source en Allemagne et traverse une dizaine de pays du continent avant de se jeter dans la Mer Noire Danube
90%
Monnaie utilisée dans beaucoup de pays, notamment dans le Maghreb, ou dans la péninsule arabique, mais propre à chaque pays Dinar
80%
Ville de la célèbre Burj Khalifa Dubaï
80%
Pays 50 fois plus petit que son principal territoire extérieur Danemark
71%
Pays à la capitale éponyme Djibouti
64%
Capitale d'un pays en guerre civile depuis 2011 Damas
53%
Département de chef-lieu Besançon Doubs
49%
État des États-Unis de capitale Bismarck Dakota du Nord
41%
Nom d'un pays dans sa langue officielle Deutschland, Dawlat Isra'il, Daehan Min-guk, Dawlat al Kuway, Druk Yult, Dziko la Malaŵi, Ditunga dia Kongu wa Mungalaata
34%
Nouveau nom du sommet McKinley, plus haut sommet d'Amérique du Nord Denali
32%
Jadis corridor, autrefois cité-État et ville libre, elle est devenue une commune polonaise, Gdansk (on cherche le nom révolu de la ville) Dantzig
19%
Musée dans Nantes s'intéressant au patrimoine artistique de la Loire-Atlantique Dobrée
2%
Aucun quiz correspondant
Distribution des résultats
% des personnes avec chaque résultat
Percentile par nombre de réponses
Votre historique - résultats
Vous n’avez pas pris ce quiz depuis la dernière actualisation